Kísérlet a nyugati nyelvjárástípus beszédhangjainak eszközfonetikai vizsgálatára
Elmentve itt :
| Szerző: | |
|---|---|
| További közreműködők: | |
| Dokumentumtípus: | Szakdolgozat |
| Megjelent: |
1987
|
| Tárgyszavak: | |
| Online Access: | http://diploma.bibl.u-szeged.hu/44976 |
| LEADER | 00587nta a2200157 i 4500 | ||
|---|---|---|---|
| 001 | dipl44976 | ||
| 005 | 20141015135047.0 | ||
| 008 | 141014s1987 hu om 0|| zxx d | ||
| 040 | |a SZTE Diploma Repozitórium |b hun | ||
| 041 | |a zxx | ||
| 100 | 1 | |a Kozma Gábor | |
| 245 | 1 | 0 | |a Kísérlet a nyugati nyelvjárástípus beszédhangjainak eszközfonetikai vizsgálatára |h [elektronikus dokumentum] / |c Gábor Kozma |
| 260 | |c 1987 | ||
| 650 | 4 | |a Bölcsészettudományok | |
| 700 | 1 | |a Valaczkai László |e ths | |
| 856 | 4 | 0 | |u http://diploma.bibl.u-szeged.hu/id/eprint/44976/1/1987_kozma_gabor.pdf |z Dokumentum-elérés |